El lector americano. Curso gradual de lecturas. Libro segundo
Saved in:
| Hovedforfatter: | |
|---|---|
| Format: | Bog |
| Sprog: | spansk |
| Udgivet: |
Santiago
Patronato de la Infancia
1913
|
| Udgivelse: | 2a. ed |
| Fag: | |
| Tags: |
Tilføj Tag
Ingen Tags, Vær først til at tagge denne postø!
|
MARC
| LEADER | 00000nam a2200000 a 4500 | ||
|---|---|---|---|
| 001 | UCJ8275 | ||
| 003 | CL-VaPUC | ||
| 008 | 070124e19130000CL |||||||||||||||||spa|d | ||
| 082 | 0 | 4 | |a 807 |b NUÑ |2 21 |
| 100 | |a Núñez, José Abelardo |q (Núñez Murúa, José Abelardo) |e autor |9 557450 | ||
| 245 | 1 | 3 | |a El lector americano. Curso gradual de lecturas. Libro segundo |
| 250 | |a 2a. ed | ||
| 300 | |a 236 p | ||
| 942 | |c BK | ||
| 945 | |d 20070124 00:00:00 |a rinostro | ||
| 260 | |a Santiago |b Patronato de la Infancia |c 1913 | ||
| 500 | |a Front.: Fotografía del autor, destacado educador chileno | ||
| 650 | 0 | |a Lengua española |9 314728 | |
| 650 | 0 | |a Textos escolares |9 382843 | |
| 650 | 0 | |a Lectura |9 307634 | |
| 650 | 0 | |a Cuento |9 316426 | |
| 650 | 0 | |a Poesía |9 265825 | |
| 650 | 0 | |a Iconografía |9 267998 | |
| 650 | 0 | |a Ilustraciones |9 369481 | |
| 583 | |a last modification |c 20070124 00:00:00 |k Rodrigo Vera | ||
| 999 | |c 324050 |d 324048 | ||
| 952 | |0 0 |1 0 |4 0 |6 807_000000000000000_NUÑ_1913 |7 0 |8 X |9 403950 |a FDOBUD |b FDOBUD |d 2019-11-22 |i 1075330 |o 807 NUÑ 1913 |p 1075330 |r 2019-11-22 |w 2019-11-22 |y BK_X |k BUD | ||